Sports Quiz

Random Sports Quiz

Best NFL Franchise Winning PCT Quiz Stats

 Plays Quiz not verified by Sporcle

Support Sporcle.
Go Orange.
Score 0/10 Timer 05:00
0 Plays Today
Year Established Franchise % Correct
1921Packers
98%
1920Bears
96%
1960Cowboys
94.9%
1960Raiders
91.9%
1966Dolphins
90.9%
1925Giants
90.9%
194649ers
89.9%
1996Ravens
88.9%
1946Browns
87.9%
1961Vikings
83.8%

You're not logged in!

Compare scores with friends on all Sporcle quizzes.
OR
Log In

From the Vault

USA by Unique 2-Letter Combos

by goc3

These states are unique and they really want you to know.
Remove Ads.
Support Sporcle.
Get the best of Sporcle when you Go Orange. This ad-free experience offers more features, more stats, and more fun while also helping to support Sporcle. Thank you for becoming a member.

Show Comments

Extras

Created Feb 10, 2011ReportNominate
Tags:Winning Percentage

Top Quizzes Today


Score Distribution

Your Account Isn't Verified!

In order to create a playlist on Sporcle, you need to verify the email address you used during registration. Go to your Sporcle Settings to finish the process.

Report this User

Report this user for behavior that violates our Community Guidelines.

Details: